LEADER 01429nam1 2200325 i 450 001 SUN0029588 005 20160304021339.338 010 $d0.00 100 $a20041206f |0itac50 ba 101 $aita 102 $aIT 105 $a|||| ||||| 200 1 $a*Esercizi di teoria e tecnica delle costruzioni$fGuido Sarà, Pasquale Narducci 210 $aNapoli$cLiguori 215 $avol.$d24 cm. 410 1$1001SUN0018808$12001 $aManuali per l'università$1210 $aNapoli$cLiguori. 463 \1$1001SUN0029550$12001 $a<<1: >>Esercizi sul calcolo degli elementi strutturali in c.a., in c.a.p. ed in acciaio 463 \1$1001SUN0029577$12001 $a<<3: >>Fondamenti teorici ed esercizi sulla statica delle lastre, piastre, graticci, serbatoi 463 \1$1001SUN0029726$12001 $a<<2: >>Esercizi sulla statica delle strutture di fondazione e delle strutture intelaiate 463 \1$1001SUN0059441$12001 $a<<1: >>Esercizi sul calcolo degli elementi strutturali in c.a., in c.a.p. ed in acciaio 606 $aScienza delle costruzioni$xEsercizi$2IN$3SUNC031952 620 $dNapoli$3SUNL000005 676 $a624.17076$v21 700 1$aSarà$b, Guido$3SUNV024407$0293450 701 1$aNarducci$b, Pasquale$3SUNV024408$0730876 712 $aLiguori$3SUNV000052$4650 801 $aIT$bSOL$c20181109$gRICA 912 $aSUN0029588 996 $aEsercizi di teoria e tecnica delle costruzioni$91406244 997 $aUNICAMPANIA LEADER 00778nam0-2200265 --450 001 9910513206303321 005 20220103150745.0 100 $a19980601d1959----km-y0itay50------ba 101 0 $aita 102 $aIT 105 $a 001yy 200 1 $aCausalità e finalità$eatti del convegno Il valore del fine nel mondo$fa cura di Marino Gentile 210 $a[Firenze]$cSansoni$dstampa 1959 215 $aVIII, 252 p.$d25 cm. 225 1 $aQuaderni di San Giorgio$v7 610 0 $aTeleologia$aCongressi$a1956 676 $a124$v16 702 1$aGentile,$bMarino 801 0$aIT$bUNINA$gREICAT$2UNIMARC 901 $aBK 912 $a9910513206303321 952 $aCOLLEZ. 80 (7)$b58930$fFGBC 959 $aFGBC 996 $aCausalità e finalità$92567267 997 $aUNINA